| 000 | 00873nam a2200253 a 4500 | ||
|---|---|---|---|
| 001 | BRL_350 | ||
| 005 | 20190320210711.0 | ||
| 008 | 310713s1963----mx-a######---#000-0#spa-# | ||
| 041 | _aspa | ||
| 044 | _amx | ||
| 050 | 4 |
_aNE546.P6 _bJ67 1963 |
|
| 245 | 1 | 0 |
_aJosé Guadalupe Posada _b50 aniversario de su muerte _ctextos de Paul Westheim ... [et al.] ; Justino Fernandez, prólogo y edición Horacio Flores-Sanchez. |
| 260 |
_aMéxico _bINBA, Museo Nacional de Arte Moderno _c1963 |
||
| 300 |
_a35 p. _bil., 24 grabados _c23 cm. |
||
| 500 | _aej.1 Au327, ej.2 Au328 | ||
| 504 | _aBibliografía : p. 25-26 | ||
| 600 | 1 | 4 |
_aPosada, José Guadalupe _d1852-1913 _94998 |
| 700 | 1 |
_aWestheim, Paul _96016 |
|
| 700 | 1 |
_aFernandez, Justino _9906 |
|
| 700 | 1 |
_aRodríguez, José Julio _923624 |
|
| 700 | 1 |
_aFlores Sánchez, Horacio _eed. _923625 |
|
| 902 | _aGRL | ||
| 942 |
_2lcc _cB |
||
| 999 |
_c9163 _d9163 |
||